[Event "21e tournoi d'automne"]
[Site "Montigny le Bretonneux"]
[Date "2023.10.21"]
[Round "1.1"]
[White "Fruchard, Cyrille"]
[Black "Schwartz, Timothee"]
[Result "1-0"]
[WhiteElo "2323"]
[BlackElo "1494"]
[Annotator "Rivier,Sylvain"]
[PlyCount "79"]
[EventDate "2023.??.??"]

{Gambit dame} 1. d4 d5 2. c4 e6 3. Nc3 a6 4. e3 Nf6 5. Nf3 Bd6 6. c5 Be7 7. b4
b6 8. Ba3 Bb7 9. Be2 Nc6 10. O-O O-O 11. Qb3 Re8 12. Bb2 bxc5 13. dxc5 Qd7 14.
a4 Nb8 15. Ba3 c6 16. a5 Qc7 17. Na4 Nbd7 18. Nb6 Rad8 19. Bb2 e5 20. Rfd1 Bf8
21. Qc3 g6 22. Qe1 Bg7 23. Qf1 e4 24. Nd4 Ne5 25. h3 h5 26. Bxa6 Bxa6 27. Qxa6
Nd3 28. Rxd3 exd3 29. Qxd3 Nd7 30. Qb3 Nf8 31. a6 Nd7 32. Nxd7 Qxd7 33. b5 Bxd4
34. bxc6 Qxc6 35. Bxd4 Ra8 36. Qb6 Rec8 37. a7 Qd7 38. Qf6 Kf8 39. Ra6 Qb7 40.
Re6 1-0

[Event "21e tournoi d'automne"]
[Site "Montigny le Bretonneux"]
[Date "2023.10.21"]
[Round "1.2"]
[White "Danek, Victor"]
[Black "Gouanelle, Franck"]
[Result "0-1"]
[WhiteElo "1475"]
[BlackElo "2058"]
[Annotator "Rivier,Sylvain"]
[PlyCount "72"]
[EventDate "2023.??.??"]

{Ouverture anglaise} 1. c4 e5 2. Nc3 Nf6 3. d3 d5 4. cxd5 Nxd5 5. Bd2 c5 6. Qb3
Nb6 7. Nf3 Nc6 8. g3 Be6 9. Qc2 Be7 10. Bg2 Rc8 11. b3 f6 12. Rc1 Qd7 13. Ne4
Nd4 14. Nxd4 exd4 15. h4 h6 16. Bf4 Nd5 17. Bd2 f5 18. Bxh6 gxh6 19. Nd2 b5 20.
a3 O-O 21. Nf3 Bd6 22. Qd2 Qg7 23. Qa5 Qb7 24. Qd2 Kg7 25. h5 b4 26. Ng5 Bg8
27. Nh3 bxa3 28. Nf4 Bxf4 29. Qxf4 Qb4+ 30. Qd2 Qxd2+ 31. Kxd2 Nc3 32. Rxc3
dxc3+ 33. Kxc3 Rb8 34. Ra1 Rxb3+ 35. Kc2 Rfb8 36. Kc1 a2 0-1

[Event "21e tournoi d'automne"]
[Site "Montigny le Bretonneux"]
[Date "2023.10.21"]
[Round "1.3"]
[White "Forissier, Nicolas"]
[Black "Benhadid, Jazzmine"]
[Result "1-0"]
[WhiteElo "1878"]
[BlackElo "1441"]
[Annotator "Rivier,Sylvain"]
[PlyCount "129"]
[EventDate "2023.??.??"]

{Défense est-indienne, variante du fianchetto} 1. d4 Nf6 2. c4 d6 3. Nc3 e5 4.
d5 g6 5. g3 Bg7 6. Bg2 O-O 7. Nf3 Nbd7 8. O-O Ne8 9. Qc2 f5 10. Ng5 Ndf6 11. b4
h6 12. Nf3 g5 13. Bb2 f4 14. Nd2 Qe7 15. Nde4 Bf5 16. Qb3 Nxe4 17. Nxe4 Nf6 18.
Nxf6+ Qxf6 19. c5 h5 20. Rac1 Rac8 21. Qa3 a6 22. c6 b6 23. Qxa6 Qg6 24. Qc4 h4
25. gxh4 gxh4 26. Kh1 h3 27. Bf3 Qh6 28. Rg1 Kh8 29. Bg4 Bxg4 30. Rxg4 Bf6 31.
Qe4 Rg8 32. Rcg1 Rxg4 33. Rxg4 Qh7 34. Qg6 Qxg6 35. Rxg6 Bg7 36. Rg5 Bf6 37.
Rh5+ Kg7 38. Rxh3 Kg6 39. Kg2 Rg8 40. e4 Kf7+ 41. Kf1 Rg4 42. Rf3 Rh4 43. h3
Rh6 44. a4 Rh8 45. Ra3 Rb8 46. Bc3 Rh8 47. Be1 Ra8 48. a5 bxa5 49. bxa5 Ra6 50.
Rb3 Ra8 51. Rb7 Bd8 52. Ke2 Kg6 53. Kd3 Kh5 54. Kc4 Kh4 55. Rb3 Bg5 56. Ra3 Kh5
57. a6 Ra7 58. Kb5 Bh4 59. Ka5 Kg5 60. Rb3 f3 61. Rxf3 Ra8 62. Bd2+ Kg6 63. Be3
Bg5 64. Rg3 Kh7 65. Rxg5 1-0

[Event "21e tournoi d'automne"]
[Site "Montigny le Bretonneux"]
[Date "2023.10.21"]
[Round "1.4"]
[White "Couradin, Jean-Marie"]
[Black "Lefol, Marius"]
[Result "0-1"]
[WhiteElo "1426"]
[BlackElo "1717"]
[Annotator "Rivier,Sylvain"]
[PlyCount "128"]
[EventDate "2023.??.??"]

{Gambit dame, défense slave} 1. d4 d5 2. Nf3 Nf6 3. e3 Bf5 4. c4 e6 5. Nc3 c6
6. Qb3 Qc7 7. cxd5 exd5 8. Bd2 Nbd7 9. Rc1 Rc8 10. Be2 Be7 11. O-O O-O 12. a3
Rfe8 13. h3 Qb8 14. Rfe1 Ne4 15. Nxe4 dxe4 16. Nh2 Nf6 17. Bb4 Bxb4 18. Qxb4
Nd5 19. Qd2 Bg6 20. Bc4 Qd6 21. Nf1 h5 22. Qe2 Rcd8 23. Ng3 h4 24. Nf1 Qf6 25.
Nh2 Qg5 26. Qg4 Qh6 27. Bxd5 Rxd5 28. Rc5 f5 29. Qd1 Bf7 30. Qa4 Rxc5 31. dxc5
Qf6 32. Qd4 Qg5 33. Rd1 Bh5 34. Rd2 Bf3 35. Nxf3 exf3 36. Qc4+ Kh7 37. Qf1 f4
38. exf4 Qxf4 39. Rc2 Re4 40. gxf3 Rd4 41. Rc3 Qg5+ 42. Kh1 Qd5 43. Rc1 Qxf3+
44. Kh2 Qf4+ 45. Kh1 Rd2 46. Kg1 Rxb2 47. Qd3+ g6 48. Rc2 Qg5+ 49. Kf1 Rb1+ 50.
Ke2 Qh5+ 51. f3 Qe5+ 52. Qe4 Qg5 53. f4 Qf6 54. Rd2 Rb3 55. Rd7+ Kh6 56. a4
Rb2+ 57. Kd3 Rb3+ 58. Ke2 Rxh3 59. Rd6 Qb2+ 60. Ke1 Qc1+ 61. Kf2 Rh2+ 62. Kf3
Qh1+ 63. Ke3 Re2+ 64. Kxe2 Qxe4+ 0-1

[Event "21e tournoi d'automne"]
[Site "Montigny le Bretonneux"]
[Date "2023.10.21"]
[Round "1.5"]
[White "Touati, Bruno"]
[Black "Selores Granjo, Gilberto"]
[Result "1/2-1/2"]
[WhiteElo "1699"]
[BlackElo "1405"]
[Annotator "Rivier,Sylvain"]
[PlyCount "120"]
[EventDate "2023.??.??"]

{Gambit dame} 1. Nf3 Nf6 2. d4 d5 3. c4 e6 4. Nc3 Be7 5. Bg5 h6 6. Bxf6 Bxf6 7.
e4 dxe4 8. Nxe4 O-O 9. Ne5 Nd7 10. f4 c5 11. Nxf6+ Qxf6 12. g3 cxd4 13. Qxd4
Nxe5 14. fxe5 Rd8 15. Qe3 Qe7 16. a3 Bd7 17. Bg2 Be8 18. O-O a6 19. Rfd1 Rxd1+
20. Rxd1 Rc8 21. Qd4 Bc6 22. Qd6 Qd7 23. Bxc6 Qxc6 24. Rd4 b5 25. b3 bxc4 26.
Rxc4 Qb7 27. Qd4 a5 28. Kf2 Rb8 29. b4 Qd5 30. Qxd5 exd5 31. Rd4 axb4 32. axb4
Kf8 33. Ke3 Ke7 34. h4 Ke6 35. Rf4 Rb7 36. Rg4 g6 37. Rf4 Kxe5 38. b5 Ke6 39.
Rb4 Kd6 40. Kd4 Re7 41. Rb2 Re4+ 42. Kd3 Kc5 43. b6 Re8 44. h5 Rb8 45. b7 g5
46. Rc2+ Kd6 47. Rb2 f5 48. Kd4 Kc6 49. Rc2+ Kd7 50. Rc5 Rxb7 51. Rxd5+ Ke6 52.
Ra5 Rd7+ 53. Ke3 g4 54. Ra6+ Rd6 55. Ra8 Kf6 56. Rg8 Re6+ 57. Kf2 Kf7 58. Rc8
Re7 59. Rc6 Re6 60. Rc8 Rf6 1/2-1/2

[Event "21e tournoi d'automne"]
[Site "Montigny le Bretonneux"]
[Date "2023.10.21"]
[Round "1.6"]
[White "Henry, Victor"]
[Black "Plantet, Marc"]
[Result "0-1"]
[WhiteElo "1339"]
[BlackElo "1697"]
[Annotator "Rivier,Sylvain"]
[PlyCount "58"]
[EventDate "2023.??.??"]

{Ouverture catalane, variante fermée} 1. d4 d5 2. c4 e6 3. Nf3 Nf6 4. g3 Bb4+
5. Bd2 c5 6. dxc5 Bxc5 7. cxd5 Qb6 8. e3 Nxd5 9. Nc3 Bd7 10. Na4 Bxa4 11. Qxa4+
Nc6 12. Rb1 O-O 13. a3 a5 14. h4 Rfd8 15. h5 Nxe3 16. fxe3 Bxe3 17. Rd1 Bf2+
18. Ke2 Rxd2+ 19. Rxd2 Qe3+ 20. Kd1 Qxf3+ 21. Kc2 Qxh1 22. Rxf2 Qxh5 23. Qf4
Qf5+ 24. Qxf5 exf5 25. Kc3 g6 26. Kc4 Re8 27. Kc5 Re3 28. g4 fxg4 29. Bc4 Ne5
0-1

[Event "21e tournoi d'automne"]
[Site "Montigny le Bretonneux"]
[Date "2023.10.21"]
[Round "1.7"]
[White "Gazay, Didier"]
[Black "Montay, Jean-Paul"]
[Result "1/2-1/2"]
[WhiteElo "1568"]
[BlackElo "1313"]
[Annotator "Rivier,Sylvain"]
[PlyCount "99"]
[EventDate "2023.??.??"]

{Ouverture anglaise, variante sicilienne, inversée} 1. c4 e5 2. g3 Nc6 3. Nc3
b6 4. Bg2 Bb7 5. e4 Nf6 6. Nge2 Rb8 7. O-O d6 8. d3 Be7 9. h3 O-O 10. Be3 h6
11. Qd2 Nh7 12. Nd5 Bf6 13. b4 Nd4 14. Nxf6+ Qxf6 15. Bxd4 exd4 16. b5 c5 17.
bxc6 Bxc6 18. e5 dxe5 19. Bxc6 Qxc6 20. a4 Ng5 21. f4 Nf3+ 22. Rxf3 Qxf3 23.
Rf1 Qe3+ 24. Qxe3 dxe3 25. fxe5 Rbc8 26. Rf3 Rc5 27. Rxe3 Re8 28. Nc3 Rcxe5 29.
Rxe5 Rxe5 30. Kf2 f5 31. d4 Re8 32. Kf3 Re1 33. Ne2 Ra1 34. Ke3 Rxa4 35. Kd3
Kf7 36. d5 Ke7 37. Nd4 g6 38. Nb5 a6 39. Na7 Ra3+ 40. Kd4 Kd7 41. Nc6 Kd6 42.
Ne5 Rxg3 43. Nf7+ Ke7 44. Ne5 a5 45. c5 bxc5+ 46. Kxc5 Rc3+ 47. Kd4 Ra3 48. Kc5
Rc3+ 49. Kd4 Ra3 50. Kc5 1/2-1/2

[Event "21e tournoi d'automne"]
[Site "Montigny le Bretonneux"]
[Date "2023.10.21"]
[Round "1.8"]
[White "Tanchoux, Pierre"]
[Black "Kunne, Ronald"]
[Result "0-1"]
[WhiteElo "1242"]
[BlackElo "1563"]
[Annotator "Rivier,Sylvain"]
[PlyCount "100"]
[EventDate "2023.??.??"]

{Partie du pion dame} 1. d4 d5 2. Nf3 Nf6 3. e3 c5 4. b3 cxd4 5. exd4 Bf5 6.
Bd3 Bxd3 7. Qxd3 g6 8. O-O Bg7 9. Bb2 Nc6 10. a3 O-O 11. Nbd2 Rc8 12. Rad1 Qc7
13. h3 Nh5 14. c4 dxc4 15. Nxc4 Rfd8 16. Qc2 Na5 17. Qd3 Nxc4 18. bxc4 Qxc4 19.
Qxc4 Rxc4 20. Rc1 Rdc8 21. Rxc4 Rxc4 22. Rc1 Rxc1+ 23. Bxc1 Nf6 24. Bd2 Nd5 25.
Kf1 e6 26. Ke2 Kf8 27. Kd3 Ke7 28. Ng5 Bh6 29. Ne4 Bxd2 30. Kxd2 f5 31. Nc5 b6
32. Na6 Kd6 33. g3 Nc7 34. Nb4 Nb5 35. Nc2 e5 36. dxe5+ Kxe5 37. f4+ Ke4 38.
Ke2 Nd4+ 39. Nxd4 Kxd4 40. Kd2 b5 41. Kc2 Kc4 42. Kb2 a5 43. g4 h5 44. gxh5
gxh5 45. h4 Kd3 46. Kb3 Kd4 47. Kc2 Ke4 48. Kc3 Kxf4 49. Kd4 Kg3 50. Kc5 f4 0-1

[Event "21e tournoi d'automne"]
[Site "Montigny le Bretonneux"]
[Date "2023.10.21"]
[Round "1.9"]
[White "Martin-Breteau, Paul"]
[Black "Moulun, Raphael"]
[Result "1-0"]
[WhiteElo "1556"]
[BlackElo "1241"]
[Annotator "Rivier,Sylvain"]
[PlyCount "128"]
[EventDate "2023.??.??"]

{Partie viennoise} 1. e4 e5 2. Nc3 Nf6 3. Bc4 Nxe4 4. Qh5 Nd6 5. Qxe5+ Qe7 6.
Qxe7+ Bxe7 7. Bb3 b6 8. Nd5 Bd8 9. Nf3 c6 10. Nc3 Bb7 11. O-O Na6 12. Re1+ Be7
13. d4 Nc7 14. Bf4 Ne6 15. Bxd6 Bxd6 16. d5 cxd5 17. Bxd5 Bxd5 18. Nxd5 O-O 19.
Rad1 f5 20. Nxb6 Bxh2+ 21. Kxh2 axb6 22. Rxd7 Rf7 23. Ne5 Rf6 24. a3 Nc5 25.
Rc7 Re8 26. Nd3 Rh6+ 27. Kg1 Rhe6 28. Rxe6 Nxe6 29. Rc6 Nd4 30. Rxb6 Nxc2 31.
Ra6 g5 32. b4 Nd4 33. a4 Rd8 34. Nc5 Ne2+ 35. Kh2 Rd4 36. Ra8+ Kf7 37. g3 Rxb4
38. a5 Nd4 39. Nd3 Rb3 40. Ra7+ Kg6 41. Ne5+ Kf6 42. Nd7+ Kg6 43. Nf8+ Kh5 44.
Rxh7+ Kg4 45. a6 Kf3 46. Rd7 Ne2 47. a7 Ra3 48. Rd3+ Rxd3 49. a8=Q+ Kxf2 50.
Qa7+ Kf1 51. Qc5 Nxg3 52. Qc1+ Ke2 53. Kg2 f4 54. Qb2+ Rd2 55. Qe5+ Kd1+ 56.
Kf3 Re2 57. Qxg5 Ne4 58. Qd5+ Nd2+ 59. Kxf4 Rf2+ 60. Ke3 Re2+ 61. Kd3 Ke1 62.
Qh1+ Nf1 63. Qh4+ Kd1 64. Qg4 Nd2 1-0

[Event "21e tournoi d'automne"]
[Site "Montigny le Bretonneux"]
[Date "2023.10.21"]
[Round "1.10"]
[White "Aidan, David"]
[Black "Benhadid, Jeilynn"]
[Result "0-1"]
[WhiteElo "1181"]
[BlackElo "1504"]
[Annotator "Rivier,Sylvain"]
[PlyCount "84"]
[EventDate "2023.??.??"]

{Défense sicilienne, gambit Morra} 1. e4 c5 2. d4 cxd4 3. c3 dxc3 4. Nxc3 Nc6
5. Nf3 e6 6. Bc4 Qc7 7. O-O Nf6 8. Qe2 Ng4 9. Rd1 Bc5 10. Be3 Nxe3 11. fxe3 O-O
12. Rac1 a6 13. Bb3 Ba7 14. Kh1 b5 15. Nd5 exd5 16. exd5 Qb6 17. dxc6 dxc6 18.
e4 c5 19. Bc2 Bb7 20. Ne5 Rfe8 21. Nd7 Qe6 22. e5 Bd5 23. Be4 Bxe4 24. Qxe4 c4
25. Rd6 Qxd6 26. Qxa8 Qxd7 27. Qe4 Qd4 28. Qb7 Qb6 29. Qe4 Qe3 30. Qc2 Qxe5 31.
Qd1 Bd4 32. b3 Bb2 33. Rb1 cxb3 34. axb3 Bc3 35. h3 Qe1+ 36. Qxe1 Rxe1+ 37.
Rxe1 Bxe1 38. Kg1 a5 39. Kf1 Bc3 40. Ke2 a4 41. bxa4 bxa4 42. Kd1 a3 0-1

[Event "21e tournoi d'automne"]
[Site "Montigny le Bretonneux"]
[Date "2023.10.22"]
[Round "2.1"]
[White "Plantet, Marc"]
[Black "Fruchard, Cyrille"]
[Result "0-1"]
[WhiteElo "1697"]
[BlackElo "2323"]
[Annotator "Rivier,Sylvain"]
[PlyCount "50"]
[EventDate "2023.??.??"]

{Défense Caro-Kann, variante des deux cavaliers} 1. e4 c6 2. Nc3 d5 3. Nf3 Bg4
4. h3 Bxf3 5. Qxf3 e6 6. d4 Nf6 7. Bd3 dxe4 8. Nxe4 Nxe4 9. Qxe4 Qd5 10. c4
Bb4+ 11. Ke2 Qxe4+ 12. Bxe4 Nd7 13. Rd1 Bd6 14. a3 a5 15. Bd2 Ke7 16. Bc3 Rhc8
17. Rd3 Ra7 18. h4 Nf6 19. Bf3 b5 20. b3 a4 21. c5 Bb8 22. b4 Rd7 23. d5 Nxd5
24. g3 Nxc3+ 25. Rxc3 Be5 0-1

[Event "21e tournoi d'automne"]
[Site "Montigny le Bretonneux"]
[Date "2023.10.22"]
[Round "2.2"]
[White "Gouanelle, Franck"]
[Black "Martin-Breteau, Paul"]
[Result "0-1"]
[WhiteElo "2058"]
[BlackElo "1556"]
[Annotator "Rivier,Sylvain"]
[PlyCount "62"]
[EventDate "2023.??.??"]

{Début Réti} 1. Nf3 d5 2. c4 d4 3. b4 g5 4. Bb2 Bg7 5. Nxg5 e5 6. Ne4 f5 7. Nc5
b6 8. Qa4+ c6 9. Nd3 Bd7 10. Qd1 e4 11. Nf4 Qe7 12. Qb3 Na6 13. a3 Be5 14. g3
Nf6 15. e3 c5 16. b5 Nc7 17. a4 Ne6 18. a5 O-O 19. Be2 Kh8 20. a6 Bxf4 21. exf4
d3 22. Bd1 Nd4 23. Bxd4 cxd4 24. O-O Rae8 25. Re1 Rg8 26. Qa3 Qe6 27. Bb3 Nh5
28. c5 Qh6 29. Bxg8 Nxf4 30. Kh1 Qh5 31. Re3 Qd1+ 0-1

[Event "21e tournoi d'automne"]
[Site "Montigny le Bretonneux"]
[Date "2023.10.22"]
[Round "2.3"]
[White "Kunne, Ronald"]
[Black "Forissier, Nicolas"]
[Result "0-1"]
[WhiteElo "1563"]
[BlackElo "1878"]
[Annotator "Rivier,Sylvain"]
[PlyCount "33"]
[EventDate "2023.??.??"]

{Partie espagnole, gambit Jänisch} 1. e4 e5 2. Nf3 Nc6 3. Bb5 f5 4. d3 Nf6 5.
O-O d6 6. d4 fxe4 7. dxe5 exf3 8. exf6 Qxf6 9. Re1+ Be7 10. Qd5 Kd8 11. Bxc6
bxc6 12. Qxc6 Rb8 13. Nc3 Bb7 14. Qb5 a6 15. Qb3 Qf5 16. Ne4 Bxe4 17. Qe3 0-1

[Event "21e tournoi d'automne"]
[Site "Montigny le Bretonneux"]
[Date "2023.10.22"]
[Round "2.4"]
[White "Lefol, Marius"]
[Black "Ben Hamouda, Catherine"]
[Result "1-0"]
[WhiteElo "1717"]
[BlackElo "1010"]
[Annotator "Rivier,Sylvain"]
[PlyCount "43"]
[EventDate "2023.??.??"]

{Défense scandinave} 1. e4 d5 2. exd5 Nf6 3. Nf3 Nxd5 4. d4 g6 5. Be2 Bg7 6.
O-O O-O 7. Nbd2 Nc6 8. c3 Bg4 9. Nc4 Re8 10. h3 Bxf3 11. Bxf3 e5 12. dxe5 Nxe5
13. Bxd5 Nxc4 14. Bxc4 Qh4 15. Qd5 Re7 16. Bg5 Qh5 17. Bxe7 Qxd5 18. Bxd5 c6
19. Bb3 h5 20. Rad1 Kh7 21. Rd8 Rxd8 22. Bxd8 1-0

[Event "21e tournoi d'automne"]
[Site "Montigny le Bretonneux"]
[Date "2023.10.22"]
[Round "2.5"]
[White "Benhadid, Jeilynn"]
[Black "Touati, Bruno"]
[Result "1-0"]
[WhiteElo "1504"]
[BlackElo "1699"]
[Annotator "Rivier,Sylvain"]
[PlyCount "45"]
[EventDate "2023.??.??"]

{Défense Caro-Kann, variante d'échange} 1. d4 d5 2. c4 c5 3. e3 cxd4 4. exd4
Nf6 5. Nf3 Nc6 6. Nc3 Bg4 7. Be2 e6 8. O-O dxc4 9. Bxc4 Bxf3 10. Qxf3 Qxd4 11.
Bb5 Rc8 12. Be3 Qb4 13. Bxa7 Qxb2 14. Rab1 Qa3 15. Ba4 Be7 16. Rxb7 Nd5 17.
Bxc6+ Rxc6 18. Nxd5 Qxf3 19. Rxe7+ Kf8 20. gxf3 exd5 21. Rfe1 g6 22. Re8+ Kg7
23. Bd4+ 1-0

[Event "21e tournoi d'automne"]
[Site "Montigny le Bretonneux"]
[Date "2023.10.22"]
[Round "2.6"]
[White "Selores Granjo, Gilberto"]
[Black "Gazay, Didier"]
[Result "1-0"]
[WhiteElo "1405"]
[BlackElo "1568"]
[Annotator "Rivier,Sylvain"]
[PlyCount "51"]
[EventDate "2023.??.??"]

{Défense française} 1. e4 e6 2. Nf3 d5 3. e5 c5 4. b4 cxb4 5. a3 Bd7 6. axb4
Bxb4 7. c3 Be7 8. d4 Nc6 9. Bd3 h5 10. h3 a6 11. Nh2 Bg5 12. Bxg5 Qxg5 13. O-O
g6 14. f4 Qh6 15. Qb3 Rb8 16. Qb6 Nge7 17. c4 O-O 18. Nc3 Rfd8 19. Rf3 dxc4 20.
Bxc4 Nf5 21. d5 Ncd4 22. Rf2 Rdc8 23. dxe6 Bxe6 24. Bxe6 Nxe6 25. Nd5 Qf8 26.
Nf6+ 1-0

[Event "21e tournoi d'automne"]
[Site "Montigny le Bretonneux"]
[Date "2023.10.22"]
[Round "2.7"]
[White "Montay, Jean-Paul"]
[Black "Danek, Victor"]
[Result "0-1"]
[WhiteElo "1313"]
[BlackElo "1475"]
[Annotator "Rivier,Sylvain"]
[PlyCount "48"]
[EventDate "2023.??.??"]

{Gambit dame, défense slave} 1. c4 c6 2. Nc3 d5 3. cxd5 cxd5 4. g3 Nf6 5. d4
Bf5 6. Bg2 e6 7. Bg5 Nbd7 8. Nf3 Be7 9. O-O O-O 10. Re1 Qb6 11. Na4 Qb4 12. a3
Qb5 13. Ne5 Bd6 14. Nxd7 Nxd7 15. e3 Rac8 16. Bf1 Qc6 17. Rc1 Bc2 18. Rxc2 Qxc2
19. Nc3 Qxd1 20. Rxd1 f6 21. Bf4 Bxf4 22. exf4 a6 23. Re1 Rfe8 24. b4 Rxc3 0-1

[Event "21e tournoi d'automne"]
[Site "Montigny le Bretonneux"]
[Date "2023.10.22"]
[Round "2.8"]
[White "Schwartz, Timothee"]
[Black "Henry, Victor"]
[Result "1-0"]
[WhiteElo "1494"]
[BlackElo "1339"]
[Annotator "Rivier,Sylvain"]
[PlyCount "61"]
[EventDate "2023.??.??"]

{Défense française, variante d'avance} 1. e4 e6 2. d4 d5 3. e5 c5 4. c3 Nc6 5.
Nf3 Bd7 6. Be2 Qb6 7. O-O cxd4 8. cxd4 Nge7 9. Na3 Nf5 10. Nc2 Nb4 11. Nxb4
Bxb4 12. g4 Nh6 13. a3 Be7 14. Bxh6 gxh6 15. Qd3 a6 16. a4 Bc6 17. Rfb1 a5 18.
Kh1 Kd7 19. Qe3 Rag8 20. h3 Bg5 21. Nxg5 hxg5 22. b4 Ke7 23. Kg2 f6 24. exf6+
Kxf6 25. Qe5+ Ke7 26. bxa5 Qxa5 27. Bb5 Qc3 28. Rc1 Qb2 29. Bxc6 bxc6 30. Rxc6
Qxa1 31. Rc7+ 1-0

[Event "21e tournoi d'automne"]
[Site "Montigny le Bretonneux"]
[Date "2023.10.22"]
[Round "2.9"]
[White "Benhadid, Jazzmine"]
[Black "Tanchoux, Pierre"]
[Result "1-0"]
[WhiteElo "1441"]
[BlackElo "1242"]
[Annotator "Rivier,Sylvain"]
[PlyCount "57"]
[EventDate "2023.??.??"]

{Défense sicilienne, variante Najdorf} 1. e4 c5 2. Nf3 d6 3. d4 cxd4 4. Nxd4
Nf6 5. Nc3 a6 6. Be2 e6 7. O-O Be7 8. Bg5 O-O 9. Qd2 Nc6 10. Rad1 Qc7 11. f4
Nxd4 12. Qxd4 e5 13. Qd3 b5 14. Bxf6 gxf6 15. Nd5 Qd8 16. Nxe7+ Qxe7 17. Qxd6
Qxd6 18. Rxd6 Kg7 19. f5 Bb7 20. Bd3 Rfd8 21. Rb6 Rab8 22. Rf3 Bxe4 23. Rg3+
Kh8 24. Rxb8 Rxb8 25. Bxe4 Rc8 26. Rc3 Rd8 27. Rd3 Rc8 28. Rd6 Rc4 29. Bd3 1-0

[Event "21e tournoi d'automne"]
[Site "Montigny le Bretonneux"]
[Date "2023.10.22"]
[Round "2.10"]
[White "Moulun, Raphael"]
[Black "Couradin, Jean-Marie"]
[Result "0-1"]
[WhiteElo "1241"]
[BlackElo "1426"]
[Annotator "Rivier,Sylvain"]
[PlyCount "86"]
[EventDate "2023.??.??"]

{Ouverture Bird} 1. f4 d5 2. c4 Nf6 3. cxd5 Qxd5 4. Nc3 Qa5 5. Nf3 Bg4 6. e3 e6
7. a3 c6 8. Be2 Nbd7 9. b3 Be7 10. Bb2 O-O 11. O-O Rad8 12. Qc2 Qh5 13. Rf2 Qg6
14. Bd3 Qh6 15. Ne4 Nxe4 16. Bxe4 Nc5 17. Ne5 Nxe4 18. Qxe4 Bf5 19. Qf3 f6 20.
Ng4 Qg6 21. h3 Be4 22. Qg3 f5 23. Nf6+ Bxf6 24. Qxg6 hxg6 25. Bxf6 gxf6 26. g4
Rd3 27. g5 Kf7 28. h4 Rxb3 29. Rh2 Rh8 30. a4 fxg5 31. fxg5 Rb1+ 32. Rxb1 Bxb1
33. Kf2 Bd3 34. Kg3 e5 35. Rh1 b6 36. Rc1 c5 37. a5 Ke6 38. axb6 axb6 39. Ra1
f4+ 40. exf4 exf4+ 41. Kxf4 Rxh4+ 42. Kg3 Rd4 43. Rh1 Kf5 0-1

[Event "21e tournoi d'automne"]
[Site "Montigny le Bretonneux"]
[Date "2023.10.23"]
[Round "3.1"]
[White "Fruchard, Cyrille"]
[Black "Lefol, Marius"]
[Result "1-0"]
[WhiteElo "2323"]
[BlackElo "1717"]
[Annotator "Rivier,Sylvain"]
[PlyCount "53"]
[EventDate "2023.??.??"]

{Partie du pion dame} 1. d4 d5 2. e3 Nf6 3. Nd2 e6 4. Bd3 a6 5. Ngf3 Bd6 6. Ne5
O-O 7. f4 c5 8. c3 b5 9. a3 Bb7 10. Qf3 Nbd7 11. O-O Ne8 12. Qh3 Ndf6 13. Ndf3
Bxe5 14. fxe5 Ne4 15. Bd2 h6 16. Be1 Qb6 17. Bh4 Nc7 18. Bg5 f5 19. exf6 Nxf6
20. Bxh6 gxh6 21. Qxh6 Nce8 22. Ne5 Qc7 23. Rf3 Bc8 24. Raf1 Ra7 25. Rg3+ Ng7
26. Rh3 Ngh5 27. Qh7+ 1-0

[Event "21e tournoi d'automne"]
[Site "Montigny le Bretonneux"]
[Date "2023.10.23"]
[Round "3.2"]
[White "Forissier, Nicolas"]
[Black "Benhadid, Jeilynn"]
[Result "0-1"]
[WhiteElo "1878"]
[BlackElo "1504"]
[Annotator "Rivier,Sylvain"]
[PlyCount "68"]
[EventDate "2023.??.??"]

{DÃ©fense est-indienne, variante du fianchetto} 1. d4 Nf6 2. c4 d6 3. Nc3 e5 4.
d5 g6 5. g3 Bg7 6. Bg2 O-O 7. Nf3 Nbd7 8. Qc2 a5 9. O-O Nc5 10. e4 Nfd7 11. Bd2
f5 12. Ne1 f4 13. Nf3 g5 14. h3 h5 15. Nh2 Nf6 16. b3 Qe8 17. a3 g4 18. hxg4
Nxg4 19. Rae1 Nxh2 20. Kxh2 f3 21. Bh1 Qd7 22. Re3 Qh3+ 23. Kg1 Bg4 24. b4 h4
25. Be1 Bh6 26. Nd1 Bxe3 27. Nxe3 Nd7 28. c5 Rf7 29. c6 Rh7 30. Nxg4 hxg3 31.
Bxf3 bxc6 32. dxc6 Nb6 33. Nf6+ Kh8 34. Nxh7 Qh2# 0-1

[Event "21e tournoi d'automne"]
[Site "Montigny le Bretonneux"]
[Date "2023.10.23"]
[Round "3.3"]
[White "Martin-Breteau, Paul"]
[Black "Selores Granjo, Gilberto"]
[Result "1-0"]
[WhiteElo "1556"]
[BlackElo "1405"]
[Annotator "Rivier,Sylvain"]
[PlyCount "87"]
[EventDate "2023.??.??"]

{Défense sicilienne} 1. e4 c5 2. Nc3 a6 3. Nf3 d6 4. g3 Nf6 5. Bg2 e5 6. d3 Be7
7. Bg5 h6 8. Bxf6 Bxf6 9. Nd5 Be6 10. Nxf6+ Qxf6 11. h3 Nc6 12. c3 O-O 13. O-O
Rab8 14. a4 b5 15. axb5 axb5 16. Ra6 Rfc8 17. Qc2 Qd8 18. Rfa1 Ra8 19. Qd1 Na5
20. R1xa5 Rxa6 21. Rxa6 Rc7 22. Qa1 Bc8 23. Ra7 Rc6 24. Qa5 Qe8 25. Qxb5 Bd7
26. Qb7 Bc8 27. Qe7 Qxe7 28. Rxe7 Be6 29. Re8+ Kh7 30. Rb8 Ra6 31. b4 Ra3 32.
bxc5 Rxc3 33. cxd6 Rxd3 34. Rb6 f6 35. Nh4 h5 36. Nf5 g6 37. Ne3 Kh6 38. Nd5 f5
39. Rb7 fxe4 40. Nf6 e3 41. Rh7+ Kg5 42. Ne4+ Kf5 43. fxe3 Bd5 44. Nf2 1-0

[Event "21e tournoi d'automne"]
[Site "Montigny le Bretonneux"]
[Date "2023.10.23"]
[Round "3.4"]
[White "Couradin, Jean-Marie"]
[Black "Gouanelle, Franck"]
[Result "0-1"]
[WhiteElo "1426"]
[BlackElo "2058"]
[Annotator "Rivier,Sylvain"]
[PlyCount "102"]
[EventDate "2023.??.??"]

{Défense Alekhine, variante de chasse} 1. e4 d5 2. exd5 Nf6 3. Nc3 Nxd5 4. d4
Nxc3 5. bxc3 g6 6. Nf3 Bg7 7. Bc4 O-O 8. O-O c5 9. Be3 Qa5 10. Qd2 Nc6 11. Bh6
cxd4 12. Bxg7 Kxg7 13. Nxd4 Nxd4 14. Qxd4+ e5 15. Qe3 Bf5 16. Bb3 Rac8 17. c4
Qc5 18. Rfe1 Qxe3 19. Rxe3 f6 20. c3 Rfd8 21. a4 a5 22. f4 exf4 23. Re7+ Kh6
24. Rae1 Rd7 25. Kf2 Rcc7 26. Re8 Rd3 27. Rc1 Rcd7 28. Re2 Rd2 29. Bc2 Bg4 30.
Rxd2 Rxd2+ 31. Kf1 f3 32. Be4 fxg2+ 33. Bxg2 b6 34. Rb1 Rd1+ 35. Rxd1 Bxd1 36.
Bc6 Kg5 37. Kf2 Kf4 38. Be8 g5 39. Bd7 h5 40. Be8 h4 41. Bc6 f5 42. Ke1 Bf3 43.
Bd5 Bh5 44. Kd2 Be8 45. c5 bxc5 46. Bb3 g4 47. Kd3 Ke5 48. Bd1 Bf7 49. Ke3 f4+
50. Kf2 f3 51. h3 g3+ 0-1

[Event "21e tournoi d'automne"]
[Site "Montigny le Bretonneux"]
[Date "2023.10.23"]
[Round "3.5"]
[White "Danek, Victor"]
[Black "Plantet, Marc"]
[Result "0-1"]
[WhiteElo "1475"]
[BlackElo "1697"]
[Annotator "Rivier,Sylvain"]
[PlyCount "44"]
[EventDate "2023.??.??"]

{Ouverture anglaise, défense anglo-Grünfeld} 1. c4 Nf6 2. Nc3 g6 3. d3 Bg7 4.
g3 d6 5. Bg2 O-O 6. Qb3 c6 7. e3 Nbd7 8. Nge2 e5 9. O-O Qe7 10. Bd2 Nc5 11. Qc2
a5 12. Rfe1 Be6 13. b3 d5 14. Rab1 Rfd8 15. cxd5 cxd5 16. d4 Bf5 17. e4 dxe4
18. dxe5 e3 19. exf6 Bxf6 20. Qb2 Rxd2 21. Qa3 exf2+ 22. Kxf2 Nd3+ 0-1